000 00597nam a2200193Ia 4500
005 20250508160852.0
008 008 250505s9999 xx 000 0 eng d
037 _aTextual
040 _aFEDL
_beng
_cFEDL
041 _aeng
_2eng
084 _a370.15, SNY
_qFEDL
100 _aSnyder Helen I.
_9766463
245 0 _aContemporary educational psychology : Some models applied to the school setting
260 _aNew York, USA
_bJohn Wiley and Sons
_c1968
300 _axii,236p.
650 _aEducation - Psychology
942 _cTEXL
_h370.15, SNY
999 _c1367094
_d1367094